| 000 | 00519nam a2200145 4500 | ||
|---|---|---|---|
| 999 |
_c10530 _d10530 |
||
| 008 | 180904b ||||| |||| 00| 0 eng d | ||
| 022 | _a16565649 | ||
| 082 | _aDPer 303.405 H22 June -Sept 2016 v.12 n. 7-10 | ||
| 100 |
_930890 _aAlcantara, Patrick. |
||
| 245 |
_aPhilips 237E7QDSB: _bsimplicity is beauty/ _cPatrick, Alcantara. |
||
| 260 |
_aQuezon City: _bHardware Zone Phils. Corp., _c©June -Sept 2016. |
||
| 300 |
_av12 n8, page 53: _billustrations; _c28 cm. |
||
| 650 | 0 |
_930891 _aComputer monitors. |
|
| 942 |
_2ddc _cPER |
||